00725nam a2200205 a 450000100100000000500170001000800410002704000250006808200160009310000210010924500930013026000890022330000200031249000310033249000090036370000290037271000780040183000310047983000090051000001618820250502073819.0100301s1984 dr 001 0 spa d aDO-SdBNPbspacBNPHU axxxxbP438t1 aPérez, Juan B.13aLa fecha en el testamento / :bJuan B. Pérez ; presentación Raymundo Amaro Guzmán. aSanto Domingo :bONAPbDepartamento de Relaciones Públicas y Publicaciones,c1984. a80 p. ;c22 cm.1 aEstudios juridicosvno. 231 aONAP1 aAmaro Guzmán, Raymundo1 aRepública Dominicana.bOficina Nacional de Administración y Personal  0aEstudios juridicosvno. 23 aONAP